| 000 | 00330nam a22001217a 4500 | ||
|---|---|---|---|
| 003 | SGT | ||
| 082 | _a340,NAT | ||
| 100 | _aNATIONAL HUMAN RIGHTS COMMISSION | ||
| 245 | _aREPORT ON PREVENTION OF ATROCITIES AGAINST SCHEDULED CASTES | ||
| 260 |
_aNEW DELHI _bNATIONAL HUMAN RIGHTS COMMISSION _c2012 |
||
| 300 | _a299 | ||
| 942 |
_2ddc _cBK |
||
| 999 |
_c11151 _d11151 |
||